| 000 | 00595nam a2200229 a 4500 | ||
|---|---|---|---|
| 999 |
_c8580 _d8580 |
||
| 001 | 8580 | ||
| 003 | BD-JhCC | ||
| 005 | 20180925091024.0 | ||
| 008 | 180227s1984 u a|||| || | 001 0 eng d | ||
| 035 | _a(BD-JhCC)8580 | ||
| 040 |
_aBD-JhCC _dBD-JhCC |
||
| 041 | _aeng | ||
| 082 |
_bBEE 1984 _a372.61 |
||
| 100 | _aBeech, Linda ward | ||
| 245 |
_aLanguage : _bSkills and Use / _cLinda ward Beech, |
||
| 260 |
_aNew Jersey : _bScott Forsman and Company, _c1984. |
||
| 300 |
_a384 p. : _bill. ; _c25 cm. |
||
| 504 | _aIncludes Index | ||
| 650 | _aLanguage | ||
| 942 |
_2ddc _cBK |
||